Rethinking Chinese Transnational Enterprises : (Record no. 615383)

MARC details
000 -LEADER
fixed length control field 00526nam a2200193 a 4500
008 - FIXED-LENGTH DATA ELEMENTS--GENERAL INFORMATION
fixed length control field 260221s2001##################000#0#eng##
020 ## - INTERNATIONAL STANDARD BOOK NUMBER
ISBN 9780700715244
082 04 - DEWEY DECIMAL CLASSIFICATION NUMBER
Classification number 338.6420951
Item number DOU
100 1# - MAIN ENTRY--AUTHOR NAME
Personal name Douw, Leo,
245 10 - TITLE STATEMENT
Title Rethinking Chinese Transnational Enterprises :
260 ## - PUBLICATION, DISTRIBUTION, ETC. (IMPRINT)
Name of publisher Psychology Press,
Year of publication 2001.
300 ## - PHYSICAL DESCRIPTION
Number of Pages 306 pages
650 #0 - SUBJECT ADDED ENTRY--TOPICAL TERM
Topical Term Business & Economics.
942 ## - ADDED ENTRY ELEMENTS (KOHA)
Koha item type English Books
Holdings
Withdrawn status Lost status Damaged status Not for loan Home library Current library Shelving location Date acquired Full call number Accession Number Price effective from Koha item type
        Anna Centenary Library Anna Centenary Library 4TH FLOOR, A WING 21.02.2026 338.6420951 DOU 171068 21.02.2026 English Books

Find us on the map